|
|
|
|
| LEADER |
00000naa2a2200000 4500 |
| 001 |
219196 |
| 005 |
20260202163414.0 |
| 035 |
|
|
|a (RuTPU)RU\TPU\book\239235
|
| 035 |
|
|
|a RU\TPU\book\239227
|
| 090 |
|
|
|a 219196
|
| 100 |
|
|
|a 20120703d2004 k y0rusy50 ca
|
| 101 |
0 |
|
|a rus
|
| 102 |
|
|
|a RU
|
| 135 |
|
|
|a drnn ---uucaa
|
| 181 |
|
0 |
|a i
|
| 182 |
|
0 |
|a b
|
| 200 |
1 |
|
|a Определение разновалентных форм мышьяка в водах методом инверсионной вольамперометрии
|f Г. Н. Носкова [и др.]
|
| 203 |
|
|
|a Текст
|c электронный
|
| 215 |
|
|
|a 1 файл (330 Кб)
|
| 300 |
|
|
|a Заглавие с титульного листа
|
| 300 |
|
|
|a Электронная версия печатной публикации
|
| 337 |
|
|
|a Adobe Reader
|
| 463 |
|
1 |
|0 (RuTPU)RU\TPU\book\74583
|t Химия и химическая технология на рубеже тысячелетий
|o материалы III Всероссийской научной конференции, Томск, 2-4 сентября 2004 г.
|f Российское химическое общество им. Д. И. Менделеева; Химия и химическая технология на рубеже тысячелетий. Всероссийская научная конференция; Российская Академия естествознания; Администрация Томской области; ООО "Томскнефтехим"; ЗАО "Метанол"; Томский политехнический университет
|v [С. 211-212]
|d 2004
|
| 610 |
1 |
|
|a мышьяк
|
| 610 |
1 |
|
|a валентность
|
| 610 |
1 |
|
|a определение
|
| 610 |
1 |
|
|a вода
|
| 610 |
1 |
|
|a методы определения
|
| 610 |
1 |
|
|a инверсионная вольтамперометрия
|
| 610 |
1 |
|
|a электронный ресурс
|
| 610 |
1 |
|
|a труды учёных ТПУ
|
| 701 |
|
1 |
|a Носкова
|b Г. Н.
|c российский химик
|c научный сотрудник Томского политехнического университета, кандидат химических наук
|f 1969-
|g Галина Николаевна
|3 (RuTPU)RU\TPU\pers\25863
|
| 701 |
|
1 |
|a Заичко
|b А. В.
|c российский химик
|c старший научный сотрудник Томского политехнического университета
|f 1961-
|g Анна Владимировна
|3 (RuTPU)RU\TPU\pers\27248
|
| 701 |
|
1 |
|a Иванова
|b Е. Е.
|
| 701 |
|
1 |
|a Мержа
|b А. Н.
|
| 801 |
|
1 |
|a RU
|b 63413507
|c 20120529
|
| 801 |
|
2 |
|a RU
|b 63413507
|c 20120703
|g RCR
|
| 856 |
4 |
|
|u http://www.lib.tpu.ru/fulltext/v/Conferences/2004/K01/41146.pdf
|
| 942 |
|
|
|c CF
|